Unscrambled Country Names that make Phrases - Statistics

General Stats
  • This quiz has been taken 66 times
  • The average score is 12 of 21
Answer Stats
Hint Answer % Correct
By Ali Libya
90%
In a Gloom Mongolia
84%
Satan Bow Botswana
78%
Lit a Hand Thailand
76%
Saab Ham Bahamas
71%
Meg Ryan Germany
71%
Tapa Skin Pakistan
71%
Rent Again Argentina
67%
Mr. Naked Denmark
65%
Our Hands Honduras
63%
Handle Bags Bangladesh
61%
Dr. Nelia Ireland
55%
vs De Lima Maldives
51%
Acid Mo Ba Cambodia
49%
I Said None Indonesia
45%
Paris Gone Singapore
43%
Anal Risk Sri Lanka
43%
Lantern Shed Netherlands
41%
Okra T. House South Korea
37%
Such a Fair Ot South Africa
29%
Meat Riots East Timor
20%
No matching quizzes found
Score Distribution
Percent of People with Each Score
Percentile by Number Answered
Your Score History
You have not taken this quiz